La quimioterapia experimental de las espirilosis (Record no. 98694)

MARC details
000 -LEADER
campo de control de longitud fija 01001nam a2200241 i 4500
001 - NÚMERO DE CONTROL
campo de control 98694
003 - IDENTIFICADOR DE NÚMERO DE CONTROL
campo de control ES-MaACL
005 - FECHA Y HORA DE LA ÚLTIMA TRANSACCIÓN
campo de control 20251015170205.0
007 - CAMPO FIJO DE DESCRIPCIÓN FÍSICA--INFORMACIÓN GENERAL
campo de control de longitud fija t|
008 - DATOS DE LONGITUD FIJA--INFORMACIÓN GENERAL
campo de control de longitud fija 051020q19101915sp ||||1| spa d
100 1# - ENTRADA PRINCIPAL--NOMBRE DE PERSONA
Nombre de persona Ehrlich, Paul.
9 (RLIN) 46794
245 13 - MENCIÓN DEL TÍTULO
Título La quimioterapia experimental de las espirilosis
Resto del título : (sífilis, fiebre recurrente. espirilosis de las gallinas, frambuesa) /
Mención de responsabilidad, etc. por los doctores P. Ehrelich y S. Hata ; con la colaboración de H.J. Nichols [et al.] ; traducción del alemán por Eduardo García del Real.
260 ## - PUBLICACIÓN, DISTRIBUCIÓN, ETC.
Lugar de publicación, distribución, etc. Madrid :
Nombre del editor, distribuidor, etc. Saturnino Calleja,
Fecha de publicación, distribución, etc. [entre 1910 y 1915]
300 ## - DESCRIPCIÓN FÍSICA
Extensión 215 p. :
Otras características físicas il. ;
Dimensiones 22 cm.
490 1# - MENCIÓN DE SERIE
Mención de serie Biblioteca de ciencias médicas. Segunda serie ;
Designación de volumen o secuencia 1
650 04 - PUNTO DE ACCESO ADICIONAL DE MATERIA--TÉRMINO DE MATERIA
Término de materia o nombre geográfico como elemento de entrada Quimioterapia.
9 (RLIN) 16640
700 1# - ENTRADA AGREGADA--NOMBRE PERSONAL
Nombre de persona Hata, S.
9 (RLIN) 62062
700 1# - ENTRADA AGREGADA--NOMBRE PERSONAL
Nombre de persona Nichols, H. J.
9 (RLIN) 85537
700 0# - ENTRADA AGREGADA--NOMBRE PERSONAL
Nombre de persona García del Real, Eduardo,
Fechas asociadas al nombre 1870-1946
9 (RLIN) 54523
830 00 - PUNTO DE ACCESO ADICIONAL DE SERIE-TÍTULO UNIFORME
Título uniforme Biblioteca de ciencias médicas
Designación de volumen o secuencia 1
9 (RLIN) 229552
852 ## - LOCALIZACIÓN
Ubicación ES-MaACL
Número de control de estantería B-11210
Holdings
Estatus retirado Estado de pérdida Estado de daño No para préstamo Biblioteca de origen Biblioteca actual Ubicación en estantería Fecha de adquisición Fuente de adquisición Total de préstamos Signatura topográfica completa Código de barras Visto por última vez Precio de reemplazo Tipo de ítem Koha
        Biblioteca del Ateneo de Madrid Biblioteca del Ateneo de Madrid Sala Pardo Bazán 17/01/2008     B-11210 1103034 23/02/2023 23/02/2023 Libro impreso